000 00721nam a2200265Ia 4500
005 20260302115049.0
008 008 260114s9999 xx 000 0 eng d
020 _a9781683934653
037 _aTextbook
040 _aCRL
040 _beng
040 _cCRL
041 _2eng
041 _aeng
084 _qCRL
100 _aStephen Booth
_91120584
245 0 _aClose Reading without Readings Essays on Shakespeare and Others
260 _bBloomsbury
260 _bFairleigh Dickinson University Press
260 _c2015
650 _aLiterary Studies
856 _uhttps://doi.org/10.5040/9781683934653?locatt=label:secondary_bloomsburyCollections
942 _cEBOOK
999 _c1684825
_d1684825